Persiste la guerra sucia contra las maras

Guardado en:
Bibliografiske detaljer
Format: Texto
Tags: Tilføj Tag
Ingen Tags, Vær først til at tagge denne postø!

MARC

LEADER 00000 a a2200000 04500
001 42532
003
040
245 |a Persiste la guerra sucia contra las maras  
773 |g volumen24, número1080 ( , 2004), páginas 2-3  
999 |c 34350  |d 34350